000 00886nam a22002777a 4500
005 20230512221558.0
008 180302t xxu||||| |||| 00| 0 eng d
020 _a9789715847759
040 _cCSPC
082 0 _a305.2
_bT347g
100 _aThies, Kathleen M.,
_eauthor.
245 0 0 _aGrowth and development through the lifespan
_bquick look nursing/
_cKathleen M. Thies
260 _aBoston :
_bJones and Bartlett Publishers ;
_c2009.
300 _axiv, 401 pages :
_bfigures, tables ;
_c24 cm.
500 _aIncludes Index.
650 1 0 _aDevelopmental psychology.
650 1 0 _aNursing.
650 1 0 _aPersonality development.
650 1 0 _aHuman growth.
650 1 0 _aLife cycle, Human.
700 1 _aTravers, John F.,
_eauthor.
940 _ayves
942 _cBOOK
_jNUR 305.2 T347g 2009
999 _c2316
_d2316